<?xml version="1.0" encoding="UTF-8"?>
<record
    xmlns:xsi="http://www.w3.org/2001/XMLSchema-instance"
    xsi:schemaLocation="http://www.loc.gov/MARC21/slim http://www.loc.gov/standards/marcxml/schema/MARC21slim.xsd"
    xmlns="http://www.loc.gov/MARC21/slim">

  <leader>01983    a2200229   4500</leader>
  <controlfield tag="001">18782</controlfield>
  <controlfield tag="005">20260407155459.0</controlfield>
  <controlfield tag="008">260407a2009    arg                 spa d</controlfield>
  <controlfield tag="003">AR-UNSa-BCEJYS</controlfield>
  <datafield tag="040" ind1=" " ind2=" ">
    <subfield code="a">AR-UNSa-BCEJYS</subfield>
    <subfield code="b">spa</subfield>
    <subfield code="c">AR-UNSa-BCEJYS</subfield>
  </datafield>
  <datafield tag="080" ind1=" " ind2=" ">
    <subfield code="a">349.6</subfield>
    <subfield code="x">Derecho de protecci&#xF3;n del medio ambiente</subfield>
  </datafield>
  <datafield tag="245" ind1="1" ind2="0">
    <subfield code="a">Cuestiones ambientales</subfield>
  </datafield>
  <datafield tag="020" ind1=" " ind2=" ">
    <subfield code="a">978-987-03-1586-5</subfield>
  </datafield>
  <datafield tag="264" ind1=" " ind2="1">
    <subfield code="a">Buenos Aires :</subfield>
    <subfield code="b">Universidad de Buenos Aires. Facultad de Derecho. Departamento de Publicaciones</subfield>
    <subfield code="c">2009</subfield>
  </datafield>
  <datafield tag="300" ind1=" " ind2=" ">
    <subfield code="a">x, 210 p.</subfield>
    <subfield code="c">24 cm.</subfield>
  </datafield>
  <datafield tag="505" ind1=" " ind2=" ">
    <subfield code="a">1. La problem&#xE1;tica ambiental / Lidia Garrido Cordobera - 2. La percepci&#xF3;n del cambio ambiental y su relaci&#xF3;n con el concepto de da&#xF1;o jur&#xED;dico. El caso de las inundaciones en la Provincia de Buenos Aires / Ana Kunz - 3. La problem&#xE1;tica ambiental en la agenda de los medios: c&#xF3;mo y cu&#xE1;nto se percibe del da&#xF1;o al ambiente / Joao Alves Silva ; Yamila M. Castagnola - 4. La sustentabilidad y el calentamiento global: una problem&#xE1;tica &#xE9;tica y educacional / Jos&#xE9; Pablo Di Iorio ; Virginia Carolina Olexyn - 5. Derecho ambiental. Derecho Comparado regional / Natalia E. Torres Santom&#xE9; - 6. Los llamados "da&#xF1;os punitivos" y el da&#xF1;o ambiental (reflexiones sobre su posible incorporaci&#xF3;n al ordenamiento argentino) / Ramiro J. Prieto Molinero - 7. Medio Ambiente urbano / Mar&#xED;a Delia Pereiro de Grigaravcius - 8. Responsabilidad de los funcionarios p&#xFA;blicos en materia ambiental / Sergio Sebasti&#xE1;n Barocelli - 9. Preservaci&#xF3;n de la l&#xED;nea costera frente a las pol&#xED;ticas portuarias / Sof&#xED;a Capalbo - 10. El problema de la basura en al AMBA. Estado de situaci&#xF3;n y posible soluciones / Walter F. Krieges - 11. Certificados de reducci&#xF3;n de emisiones (CERs) o "bonos verdes"</subfield>
  </datafield>
  <datafield tag="942" ind1=" " ind2=" ">
    <subfield code="c">BK</subfield>
  </datafield>
  <datafield tag="590" ind1=" " ind2=" ">
    <subfield code="a">niveau_biblio:m niveau_hierar:0</subfield>
  </datafield>
  <datafield tag="100" ind1="1" ind2=" ">
    <subfield code="a">Kunz, Ana</subfield>
  </datafield>
  <datafield tag="700" ind1="1" ind2=" ">
    <subfield code="a">Garrido Cordobera, Lidia</subfield>
  </datafield>
  <datafield tag="856" ind1="4" ind2="1">
    <subfield code="u">https://biblioeco.unsa.edu.ar/pmb/images/libros/Cuestiones Ambientales-l117909.jpg</subfield>
    <subfield code="y">Imagen de portada</subfield>
    <subfield code="q">image/jpeg</subfield>
  </datafield>
  <datafield tag="999" ind1=" " ind2=" ">
    <subfield code="c">728</subfield>
    <subfield code="d">728</subfield>
  </datafield>
  <datafield tag="952" ind1=" " ind2=" ">
    <subfield code="0">0</subfield>
    <subfield code="1">0</subfield>
    <subfield code="4">0</subfield>
    <subfield code="7">0</subfield>
    <subfield code="a">BCEJYS</subfield>
    <subfield code="b">BCEJYS</subfield>
    <subfield code="c">16</subfield>
    <subfield code="d">2026-04-07</subfield>
    <subfield code="l">0</subfield>
    <subfield code="o">349.6 G241</subfield>
    <subfield code="p">L117908</subfield>
    <subfield code="r">2026-04-07 15:54:59</subfield>
    <subfield code="w">2026-04-07</subfield>
    <subfield code="y">L</subfield>
  </datafield>
  <datafield tag="952" ind1=" " ind2=" ">
    <subfield code="0">0</subfield>
    <subfield code="1">0</subfield>
    <subfield code="4">0</subfield>
    <subfield code="7">0</subfield>
    <subfield code="a">BCEJYS</subfield>
    <subfield code="b">BCEJYS</subfield>
    <subfield code="c">16</subfield>
    <subfield code="d">2026-04-07</subfield>
    <subfield code="l">0</subfield>
    <subfield code="o">349.6 G241</subfield>
    <subfield code="p">L117909</subfield>
    <subfield code="r">2026-04-07 15:54:59</subfield>
    <subfield code="w">2026-04-07</subfield>
    <subfield code="y">L</subfield>
  </datafield>
</record>
